000 00702nam a2200253Ia 4500
003 OSt
005 20220918185212.0
006 a|||||r|||| 00| 0
007 ta
008 220917b |||||||| |||| 00| 0 eng d
024 _a50,085
037 _cTextual
040 _aARTS
_cARTS
_beng
041 _2eng
_aeng
082 _aP:(D65,8(B)), M7
100 _aSomers H L
_968214
245 0 _aValency and case in computational linguistics
260 _aEdinburgh
_bUniv Press
_c1987
300 _aix,328p.
_ccm.
490 _aEdinburgh informatuion technology series; 3
650 _aLINGUISTICS
942 _hP:(D65,8(B)), M7
_cTEXL
_2CC
999 _c179684
_d179684